000
00290nam a22001217a 4500
008
181221b xxu||||| |||| 00| 0 eng d
041
_a
eng
080
_a
316
100
_a
50
101
_a
SOC
245
_a
Invitation to Sociology: A Humanistic Perspective
_c
Berger, P.L
942
_2
udc
_c
BK
999
_c
53633
_d
53633